000
00293nam a22001337a 4500
008
170816b xxu||||| |||| 00| 0 eng d
020
_a
9780495025566
041
_a
eng
080
_2
7 ED
_a
51
100
_a
36
101
_a
MAt
245
_a
FINITE MATHEMATICS
_c
TAN.S.T
942
_2
udc
_c
BK
999
_c
23771
_d
23771